Nemocenské a důchody

Salvato in:
Dettagli Bibliografici
Natura: Libro
Lingua:ceco
Pubblicazione: Praha Práce 1985
Serie:Příručky Práce
Tags: Aggiungi Tag
Nessun Tag, puoi essere il primo ad aggiungerne!!

MARC

LEADER 00000nam a2200000 4500
001 c109006
005 20240729094515.6
041 0 |a cze 
044 |a CZ 
245 1 0 |a Nemocenské a důchody  |c Jaroslav Soukup 
264 1 |a Praha  |b Práce  |c 1985 
300 |a 151 s. 
490 1 |a Příručky Práce 
830 0 |a Příručky Práce